<?xml version="1.0" encoding="UTF-8"?>
<collection xmlns="http://www.loc.gov/MARC21/slim">
 <record>
  <leader>00717pamaa2200193   4500</leader>
  <controlfield tag="001">0000045378</controlfield>
  <controlfield tag="005">20090617090000.0</controlfield>
  <controlfield tag="008">090617</controlfield>
  <datafield tag="020" ind1="0" ind2="0">
   <subfield code="a">9780785221005 / 078522100X </subfield>
  </datafield>
  <datafield tag="090" ind1="0" ind2="0">
   <subfield code="a">HF5415.13 </subfield>
   <subfield code="b">JAN 2006</subfield>
  </datafield>
  <datafield tag="100" ind1="1" ind2="0">
   <subfield code="a">Jantsch </subfield>
  </datafield>
  <datafield tag="245" ind1="1" ind2="0">
   <subfield code="a">Duct tape marketing : </subfield>
   <subfield code="b">the world's most practical small business marketing guide  </subfield>
   <subfield code="c">John Jantsch.</subfield>
  </datafield>
  <datafield tag="260" ind1="0" ind2="0">
   <subfield code="a">Nashville: </subfield>
   <subfield code="b">Nelson Business, </subfield>
   <subfield code="c">2006.</subfield>
  </datafield>
  <datafield tag="300" ind1=" " ind2=" ">
   <subfield code="a">xviii, 285 p.; </subfield>
   <subfield code="c">22 cm.</subfield>
  </datafield>
  <datafield tag="504" ind1="0" ind2="0">
   <subfield code="a">Includes bibliographical references</subfield>
  </datafield>
  <datafield tag="650" ind1="0" ind2="0">
   <subfield code="a">Marketing -- </subfield>
   <subfield code="x">Management -- </subfield>
   <subfield code="x">Handbooks, manuals, etc </subfield>
  </datafield>
  <datafield tag="650" ind1="0" ind2="0">
   <subfield code="a">Small business marketing -- </subfield>
   <subfield code="x">Handbooks, manuals, etc </subfield>
  </datafield>
  <datafield tag="650" ind1="0" ind2="0">
   <subfield code="a">Advertising media planning -- </subfield>
   <subfield code="x">Handbooks, manuals, etc </subfield>
  </datafield>
  <datafield tag="901" ind1=" " ind2=" ">
   <subfield code="u">www.thomasnelson.com</subfield>
  </datafield>
 </record>
</collection>
